Introduction to early childhood education: preschool through primary grades (Record no. 144785)

MARC details
000 -LEADER
fixed length control field 00455nam a2200157Ia 4500
005 - DATE AND TIME OF LATEST TRANSACTION
control field 20240821160035.0
008 - FIXED-LENGTH DATA ELEMENTS--GENERAL INFORMATION
fixed length control field 240821s9999||||xx |||||||||||||| ||und||
082 ## - DEWEY DECIMAL CLASSIFICATION NUMBER
Classification number 372.21 BRE
100 ## - MAIN ENTRY--PERSONAL NAME
Personal name Brewer, Jo Ann
245 #0 - TITLE STATEMENT
Title Introduction to early childhood education: preschool through primary grades
250 ## - EDITION STATEMENT
Edition statement 6th
260 ## - PUBLICATION, DISTRIBUTION, ETC.
Place of publication, distribution, etc. USA
Name of publisher, distributor, etc. Person Education
Date of publication, distribution, etc. 2007
300 ## - PHYSICAL DESCRIPTION
Extent xxiv,552p.
650 ## - SUBJECT ADDED ENTRY--TOPICAL TERM
Topical term or geographic name entry element Early childhood education-United states
942 ## - ADDED ENTRY ELEMENTS (KOHA)
Koha item type Book
Holdings
Withdrawn status Lost status Damaged status Not for loan Home library Current library Date acquired Total checkouts Barcode Date last seen Price effective from Koha item type
        Library and Documentation Division NCERT Library and Documentation Division NCERT 08/21/2024   132835 10/08/2024 08/21/2024 Book